Mathematical techniques in multi-sensor data fusion / (Record no. 175244)

000 -LEADER
fixed length control field 00746 a2200241 4500
003 - CONTROL NUMBER IDENTIFIER
control field Nust
005 - DATE AND TIME OF LATEST TRANSACTION
control field 20170207152500.0
010 ## - LIBRARY OF CONGRESS CONTROL NUMBER
LC control number 2004298455
020 ## - INTERNATIONAL STANDARD BOOK NUMBER
International Standard Book Number 1580533353
035 ## - SYSTEM CONTROL NUMBER
System control number (OCoLC)ocm54783068
040 ## - CATALOGING SOURCE
Transcribing agency Nust
082 00 - DEWEY DECIMAL CLASSIFICATION NUMBER
Classification number 621.3822
100 1# - MAIN ENTRY--PERSONAL NAME
Personal name Hall, David L.
245 10 - TITLE STATEMENT
Title Mathematical techniques in multi-sensor data fusion /
Statement of responsibility, etc. David L. Hall, Sonya A.H. McMullen.
246 3# - VARYING FORM OF TITLE
Title proper/short title Mathematical techniques in multisensor data fusion
250 ## - EDITION STATEMENT
Edition statement 2nd ed.
260 ## - PUBLICATION, DISTRIBUTION, ETC.
Place of publication, distribution, etc. Boston :
Name of publisher, distributor, etc. Artech House,
Date of publication, distribution, etc. c2004.
300 ## - PHYSICAL DESCRIPTION
Extent xiii, 449 p. :
Other physical details ill. ;
Dimensions 24 cm.
440 #0 - SERIES STATEMENT/ADDED ENTRY--TITLE
Title Artech House information warfare library
650 #0 - SUBJECT ADDED ENTRY--TOPICAL TERM
Topical term or geographic name entry element Multisensor data fusion
General subdivision Mathematical models.
650 #0 - SUBJECT ADDED ENTRY--TOPICAL TERM
Topical term or geographic name entry element Signal processing.
700 1# - ADDED ENTRY--PERSONAL NAME
Personal name McMullen, Sonya A. H.
942 ## - ADDED ENTRY ELEMENTS (KOHA)
Koha item type Reference
Holdings
Withdrawn status Lost status Source of classification or shelving scheme Damaged status Not for loan Collection code Permanent Location Current Location Date acquired Total Checkouts Full call number Barcode Date last seen Price effective from Koha item type
            Military College of Signals (MCS) Military College of Signals (MCS) 12/12/2016   621.3822 HAL MCS510 12/08/2016 12/12/2016 Book
© 2023 Central Library, National University of Sciences and Technology. All Rights Reserved.